[Event "1er tournoi de GMI du C'Chartres Echecs 2020"]
[Site "Chartres, France"]
[Date "2020.10.03"]
[Round "7.2"]
[White "LOISEAU, Quentin"]
[Black "DARDHA, Daniel"]
[Result "1/2-1/2"]
[TimeControl "90'+30\""]
[WhiteTitle "IM"]
[BlackTitle "IM"]
[WhiteElo "2457"]
[BlackElo "2468"]

1. e4 {[%clk 01:30:56]} {[%emt 00:00:03]} c5 {[%clk 01:30:56]} {[%emt
00:00:05]} 2. Nf3 {[%clk 01:31:20]} {[%emt 00:00:07]} Nc6 {[%clk 01:31:20]}
{[%emt 00:00:06]} 3. Nc3 {[%clk 01:31:35]} {[%emt 00:00:15]} Nf6 {[%clk
01:30:39]} {[%emt 00:01:10]} 4. d4 {[%clk 01:31:59]} {[%emt 00:00:06]} cxd4
{[%clk 01:31:05]} {[%emt 00:00:05]} 5. Nxd4 {[%clk 01:32:25]} {[%emt 00:00:03]}
g6 {[%clk 01:31:10]} {[%emt 00:00:25]} 6. Be3 {[%clk 01:32:48]} {[%emt
00:00:07]} Bg7 {[%clk 01:31:31]} {[%emt 00:00:08]} 7. Bc4 {[%clk 01:33:05]}
{[%emt 00:00:14]} Qa5 {[%clk 01:31:33]} {[%emt 00:00:29]} 8. O-O {[%clk
01:32:42]} {[%emt 00:00:52]} O-O {[%clk 01:31:57]} {[%emt 00:00:07]} 9. Nb3
{[%clk 01:31:33]} {[%emt 00:01:39]} Qc7 {[%clk 01:32:20]} {[%emt 00:00:06]} 10.
Be2 {[%clk 01:31:08]} {[%emt 00:00:55]} b6 {[%clk 01:29:47]} {[%emt 00:03:04]}
11. f4 {[%clk 01:21:31]} {[%emt 00:10:06]} Bb7 {[%clk 01:29:21]} {[%emt
00:00:56]} 12. e5 {[%clk 01:13:30]} {[%emt 00:08:32]} Ne8 {[%clk 01:29:45]}
{[%emt 00:00:05]} 13. Nb5 {[%clk 01:13:23]} {[%emt 00:00:37]} Qd8 {[%clk
01:29:38]} {[%emt 00:00:37]} 14. Bg4 {[%clk 01:13:37]} {[%emt 00:00:16]} d6
{[%clk 01:24:46]} {[%emt 00:05:22]} 15. exd6 {[%clk 01:12:18]} {[%emt
00:01:50]} a6 {[%clk 01:20:56]} {[%emt 00:04:20]} 16. d7 {[%clk 01:05:24]}
{[%emt 00:07:23]} axb5 {[%clk 01:14:58]} {[%emt 00:06:28]} 17. dxe8=R {[%clk
01:05:40]} {[%emt 00:00:14]} Qxe8 {[%clk 01:15:01]} {[%emt 00:00:27]} 18. c3
{[%clk 00:50:02]} {[%emt 00:16:07]} b4 {[%clk 01:05:46]} {[%emt 00:09:45]} 19.
Bxb6 {[%clk 00:48:56]} {[%emt 00:01:36]} bxc3 {[%clk 01:05:51]} {[%emt
00:00:24]} 20. bxc3 {[%clk 00:48:59]} {[%emt 00:00:27]} Ba6 {[%clk 01:00:02]}
{[%emt 00:06:20]} 21. Rf2 {[%clk 00:41:44]} {[%emt 00:07:44]} Qb8 {[%clk
00:59:35]} {[%emt 00:00:56]} 22. Be3 {[%clk 00:41:11]} {[%emt 00:01:03]} Rd8
{[%clk 00:57:58]} {[%emt 00:02:07]} 23. Qe1 {[%clk 00:40:32]} {[%emt 00:01:09]}
Qc7 {[%clk 00:53:13]} {[%emt 00:05:16]} 24. Bf3 {[%clk 00:37:28]} {[%emt
00:03:33]} Bc4 {[%clk 00:46:37]} {[%emt 00:07:06]} 25. Rc1 {[%clk 00:36:33]}
{[%emt 00:01:24]} e5 {[%clk 00:40:23]} {[%emt 00:06:45]} 26. Bxc6 {[%clk
00:27:33]} {[%emt 00:09:30]} Qxc6 {[%clk 00:40:44]} {[%emt 00:00:08]} 27. fxe5
{[%clk 00:27:58]} {[%emt 00:00:06]} Bxe5 {[%clk 00:40:24]} {[%emt 00:00:50]} 28.
Bd4 {[%clk 00:27:56]} {[%emt 00:00:31]} 1/2-1/2

[Event "1er tournoi de GMI du C'Chartres Echecs 2020"]
[Site "Chartres, France"]
[Date "2020.10.03"]
[Round "7.3"]
[White "FEDORCHUK, Sergey"]
[Black "GULIYEV, Namig"]
[Result "1/2-1/2"]
[TimeControl "90'+30\""]
[WhiteTitle "GM"]
[BlackTitle "GM"]
[WhiteElo "2615"]
[BlackElo "2529"]

1. e4 {[%clk 01:30:55]} {[%emt 00:00:03]} c5 {[%clk 01:30:54]} {[%emt
00:00:07]} 2. Nf3 {[%clk 01:31:12]} {[%emt 00:00:13]} d6 {[%clk 01:31:20]}
{[%emt 00:00:04]} 3. d4 {[%clk 01:31:13]} {[%emt 00:00:30]} cxd4 {[%clk
01:31:39]} {[%emt 00:00:11]} 4. Nxd4 {[%clk 01:31:28]} {[%emt 00:00:15]} Nf6
{[%clk 01:32:02]} {[%emt 00:00:08]} 5. Nc3 {[%clk 01:31:52]} {[%emt 00:00:06]}
a6 {[%clk 01:32:26]} {[%emt 00:00:06]} 6. Be2 {[%clk 01:31:22]} {[%emt
00:01:00]} e6 {[%clk 01:32:15]} {[%emt 00:00:40]} 7. O-O {[%clk 01:31:29]}
{[%emt 00:00:24]} Be7 {[%clk 01:32:28]} {[%emt 00:00:16]} 8. Be3 {[%clk
01:30:21]} {[%emt 00:01:39]} Nc6 {[%clk 01:31:51]} {[%emt 00:01:06]} 9. f4
{[%clk 01:28:48]} {[%emt 00:02:04]} Qc7 {[%clk 01:31:47]} {[%emt 00:00:34]} 10.
Kh1 {[%clk 01:28:27]} {[%emt 00:00:51]} O-O {[%clk 01:31:54]} {[%emt 00:00:23]}
11. Qe1 {[%clk 01:28:17]} {[%emt 00:00:41]} Nxd4 {[%clk 01:29:41]} {[%emt
00:02:43]} 12. Bxd4 {[%clk 01:28:38]} {[%emt 00:00:09]} b5 {[%clk 01:30:05]}
{[%emt 00:00:05]} 13. a3 {[%clk 01:28:44]} {[%emt 00:00:25]} Bb7 {[%clk
01:30:10]} {[%emt 00:00:25]} 1/2-1/2

[Event "1er tournoi de GMI du C'Chartres Echecs 2020"]
[Site "Chartres, France"]
[Date "2020.10.03"]
[Round "7.4"]
[White "STEPHAN, Victor"]
[Black "DUBOUE, Peio"]
[Result "1-0"]
[TimeControl "90'+30\""]
[WhiteTitle "IM"]
[BlackTitle "FM"]
[WhiteElo "2439"]
[BlackElo "2439"]

1. d4 {[%clk 01:30:56]} {[%emt 00:00:04]} d5 {[%clk 01:30:56]} {[%emt
00:00:04]} 2. c4 {[%clk 01:30:30]} {[%emt 00:00:55]} dxc4 {[%clk 01:31:23]}
{[%emt 00:00:03]} 3. Nf3 {[%clk 01:29:56]} {[%emt 00:01:04]} Nf6 {[%clk
01:31:50]} {[%emt 00:00:04]} 4. e3 {[%clk 01:30:12]} {[%emt 00:00:14]} e6
{[%clk 01:32:17]} {[%emt 00:00:04]} 5. Bxc4 {[%clk 01:30:33]} {[%emt 00:00:09]}
a6 {[%clk 01:32:44]} {[%emt 00:00:03]} 6. O-O {[%clk 01:30:50]} {[%emt
00:00:12]} c5 {[%clk 01:33:11]} {[%emt 00:00:03]} 7. dxc5 {[%clk 01:29:01]}
{[%emt 00:02:19]} Qxd1 {[%clk 01:33:35]} {[%emt 00:00:06]} 8. Rxd1 {[%clk
01:29:25]} {[%emt 00:00:06]} Bxc5 {[%clk 01:34:02]} {[%emt 00:00:03]} 9. Nfd2
{[%clk 01:28:54]} {[%emt 00:01:00]} O-O {[%clk 01:32:48]} {[%emt 00:01:45]} 10.
Nb3 {[%clk 01:28:34]} {[%emt 00:00:49]} Be7 {[%clk 01:30:15]} {[%emt 00:03:03]}
11. Be2 {[%clk 01:27:33]} {[%emt 00:01:31]} Nc6 {[%clk 01:27:48]} {[%emt
00:02:58]} 12. Nc3 {[%clk 01:23:34]} {[%emt 00:04:29]} b5 {[%clk 01:18:53]}
{[%emt 00:09:25]} 13. f3 {[%clk 01:17:13]} {[%emt 00:06:50]} Rd8 {[%clk
01:16:17]} {[%emt 00:03:06]} 14. e4 {[%clk 01:09:55]} {[%emt 00:07:48]} Rxd1+
{[%clk 01:15:47]} {[%emt 00:01:00]} 15. Bxd1 {[%clk 01:09:30]} {[%emt
00:00:54]} e5 {[%clk 01:06:45]} {[%emt 00:09:32]} 16. Be3 {[%clk 01:03:05]}
{[%emt 00:06:54]} Be6 {[%clk 01:07:00]} {[%emt 00:00:15]} 17. Be2 {[%clk
01:01:59]} {[%emt 00:01:37]} Nb4 {[%clk 01:04:34]} {[%emt 00:02:56]} 18. Bc5
{[%clk 00:58:26]} {[%emt 00:04:02]} Kf8 {[%clk 00:58:31]} {[%emt 00:06:33]} 19.
Bxe7+ {[%clk 00:56:03]} {[%emt 00:02:53]} Kxe7 {[%clk 00:58:52]} {[%emt
00:00:10]} 20. Nc5 {[%clk 00:55:07]} {[%emt 00:01:25]} Rc8 {[%clk 00:40:32]}
{[%emt 00:18:51]} 21. Nxe6 {[%clk 00:52:14]} {[%emt 00:03:23]} fxe6 {[%clk
00:40:25]} {[%emt 00:00:37]} 22. Kf2 {[%clk 00:46:50]} {[%emt 00:05:54]} Ne8
{[%clk 00:30:37]} {[%emt 00:10:18]} 23. a4 {[%clk 00:42:22]} {[%emt 00:04:58]}
Nc2 {[%clk 00:30:56]} {[%emt 00:00:12]} 24. Rc1 {[%clk 00:42:01]} {[%emt
00:00:50]} Nd4 {[%clk 00:31:01]} {[%emt 00:00:25]} 25. axb5 {[%clk 00:40:53]}
{[%emt 00:01:39]} axb5 {[%clk 00:31:07]} {[%emt 00:00:24]} 26. Nd5+ {[%clk
00:31:22]} {[%emt 00:10:01]} Kd8 {[%clk 00:31:33]} {[%emt 00:00:04]} 27. Rxc8+
{[%clk 00:31:43]} {[%emt 00:00:09]} Kxc8 {[%clk 00:32:00]} {[%emt 00:00:03]} 28.
Nb4 {[%clk 00:31:35]} {[%emt 00:00:37]} Kc7 {[%clk 00:29:18]} {[%emt 00:03:12]}
29. g3 {[%clk 00:29:34]} {[%emt 00:02:32]} Kb6 {[%clk 00:28:58]} {[%emt
00:00:50]} 30. Nd3 {[%clk 00:28:24]} {[%emt 00:01:39]} Nc6 {[%clk 00:29:22]}
{[%emt 00:00:07]} 31. Bf1 {[%clk 00:27:11]} {[%emt 00:01:43]} Nc7 {[%clk
00:27:02]} {[%emt 00:02:50]} 32. Bh3 {[%clk 00:24:55]} {[%emt 00:02:46]} Ka5
{[%clk 00:25:53]} {[%emt 00:01:39]} 33. Nc5 {[%clk 00:24:32]} {[%emt 00:00:53]}
Nd8 {[%clk 00:24:19]} {[%emt 00:02:05]} 34. Nd3 {[%clk 00:21:49]} {[%emt
00:03:14]} Nc6 {[%clk 00:24:04]} {[%emt 00:00:44]} 35. Ke3 {[%clk 00:21:59]}
{[%emt 00:00:21]} b4 {[%clk 00:22:44]} {[%emt 00:01:50]} 36. Nc5 {[%clk
00:20:16]} {[%emt 00:02:13]} Nd8 {[%clk 00:22:46]} {[%emt 00:00:28]} 37. Bf1
{[%clk 00:19:35]} {[%emt 00:01:10]} h6 {[%clk 00:11:03]} {[%emt 00:12:14]} 38.
Bc4 {[%clk 00:19:35]} {[%emt 00:00:29]} g5 {[%clk 00:10:03]} {[%emt 00:01:29]}
39. h4 {[%clk 00:16:53]} {[%emt 00:03:12]} Ne8 {[%clk 00:07:33]} {[%emt
00:03:00]} 40. Nd3 {[%clk 00:14:01]} {[%emt 00:03:22]} Nd6 {[%clk 00:05:14]}
{[%emt 00:02:50]} 41. Bb3 {[%clk 00:13:10]} {[%emt 00:01:21]} N6f7 {[%clk
00:03:26]} {[%emt 00:02:17]} 42. Nc5 {[%clk 00:12:26]} {[%emt 00:01:14]} Kb5
{[%clk 00:02:58]} {[%emt 00:00:58]} 43. Nxe6 {[%clk 00:12:17]} {[%emt
00:00:39]} Nxe6 {[%clk 00:03:18]} {[%emt 00:00:11]} 44. Bxe6 {[%clk 00:12:43]}
{[%emt 00:00:04]} Nd6 {[%clk 00:03:45]} {[%emt 00:00:03]} 45. Bd5 {[%clk
00:11:34]} {[%emt 00:01:39]} Kc5 {[%clk 00:03:36]} {[%emt 00:00:40]} 46. Ba2
{[%clk 00:09:28]} {[%emt 00:02:35]} Ne8 {[%clk 00:02:31]} {[%emt 00:01:35]} 47.
h5 {[%clk 00:09:07]} {[%emt 00:00:51]} Nf6 {[%clk 00:02:08]} {[%emt 00:00:53]}
48. Bf7 {[%clk 00:09:32]} {[%emt 00:00:04]} Kd6 {[%clk 00:02:06]} {[%emt
00:00:33]} 49. f4 {[%clk 00:09:19]} {[%emt 00:00:43]} gxf4+ {[%clk 00:02:26]}
{[%emt 00:00:11]} 50. gxf4 {[%clk 00:09:46]} {[%emt 00:00:03]} Ng4+ {[%clk
00:02:46]} {[%emt 00:00:10]} 51. Kf3 {[%clk 00:09:51]} {[%emt 00:00:25]} Nf6
{[%clk 00:00:50]} {[%emt 00:02:26]} 52. Bg6 {[%clk 00:09:18]} {[%emt 00:01:03]}
Nd7 {[%clk 00:01:04]} {[%emt 00:00:16]} 53. Kg4 {[%clk 00:08:17]} {[%emt
00:01:31]} Ke7 {[%clk 00:00:39]} {[%emt 00:00:56]} 54. Kf5 {[%clk 00:06:41]}
{[%emt 00:02:06]} exf4 {[%clk 00:00:46]} {[%emt 00:00:23]} 55. Kxf4 {[%clk
00:07:06]} {[%emt 00:00:04]} Kf6 {[%clk 00:00:44]} {[%emt 00:00:33]} 56. Be8
{[%clk 00:05:59]} {[%emt 00:01:36]} Ne5 {[%clk 00:01:02]} {[%emt 00:00:14]} 57.
Bb5 {[%clk 00:06:15]} {[%emt 00:00:13]} Nf7 {[%clk 00:01:21]} {[%emt 00:00:11]}
58. Bc4 {[%clk 00:06:21]} {[%emt 00:00:24]} Ne5 {[%clk 00:01:43]} {[%emt
00:00:08]} 59. Be2 {[%clk 00:06:38]} {[%emt 00:00:12]} Nf7 {[%clk 00:01:13]}
{[%emt 00:01:01]} 60. Bc4 {[%clk 00:05:57]} {[%emt 00:01:10]} Ne5 {[%clk
00:01:39]} {[%emt 00:00:05]} 61. Bb5 {[%clk 00:06:23]} {[%emt 00:00:04]} Nf7
{[%clk 00:02:03]} {[%emt 00:00:05]} 62. Be2 {[%clk 00:06:49]} {[%emt 00:00:03]}
Ne5 {[%clk 00:01:40]} {[%emt 00:00:54]} 63. Ke3 {[%clk 00:07:15]} {[%emt
00:00:04]} Ke6 {[%clk 00:01:58]} {[%emt 00:00:13]} 64. Kd4 {[%clk 00:07:15]}
{[%emt 00:00:29]} Kd6 {[%clk 00:02:25]} {[%emt 00:00:03]} 65. Bb5 {[%clk
00:04:54]} {[%emt 00:02:50]} Nf3+ {[%clk 00:02:41]} {[%emt 00:00:14]} 66. Ke3
{[%clk 00:04:20]} {[%emt 00:01:04]} Ng5 {[%clk 00:01:21]} {[%emt 00:01:50]} 67.
Kd3 {[%clk 00:03:06]} {[%emt 00:01:44]} Nf3 {[%clk 00:00:35]} {[%emt 00:01:16]}
68. Be8 {[%clk 00:03:01]} {[%emt 00:00:35]} Ne5+ {[%clk 00:00:40]} {[%emt
00:00:26]} 69. Kd4 {[%clk 00:03:26]} {[%emt 00:00:05]} Nf3+ {[%clk 00:00:59]}
{[%emt 00:00:11]} 70. Kc4 {[%clk 00:02:45]} {[%emt 00:01:12]} Nd2+ {[%clk
00:01:24]} {[%emt 00:00:05]} 71. Kd3 {[%clk 00:03:05]} {[%emt 00:00:09]} Nf3
{[%clk 00:01:45]} {[%emt 00:00:09]} 72. Ba4 {[%clk 00:03:03]} {[%emt 00:00:32]}
Ne5+ {[%clk 00:01:32]} {[%emt 00:00:43]} 73. Kd4 {[%clk 00:03:08]} {[%emt
00:00:25]} Nf3+ {[%clk 00:01:58]} {[%emt 00:00:04]} 74. Kc4 {[%clk 00:03:35]}
{[%emt 00:00:03]} Nd2+ {[%clk 00:02:24]} {[%emt 00:00:04]} 75. Kd3 {[%clk
00:03:53]} {[%emt 00:00:12]} Nf3 {[%clk 00:02:51]} {[%emt 00:00:03]} 76. Bc2
{[%clk 00:04:11]} {[%emt 00:00:13]} Kc5 {[%clk 00:00:37]} {[%emt 00:02:45]} 77.
Ke3 {[%clk 00:04:18]} {[%emt 00:00:22]} Nd4 {[%clk 00:00:40]} {[%emt 00:00:26]}
78. Bd1 {[%clk 00:03:42]} {[%emt 00:01:06]} Nc6 {[%clk 00:00:33]} {[%emt
00:00:37]} 79. Kf4 {[%clk 00:02:46]} {[%emt 00:01:27]} Kd4 {[%clk 00:00:48]}
{[%emt 00:00:15]} 80. Bc2 {[%clk 00:02:55]} {[%emt 00:00:20]} Ne5 {[%clk
00:00:54]} {[%emt 00:00:25]} 81. Kf5 {[%clk 00:03:21]} {[%emt 00:00:04]} Nc4
{[%clk 00:01:16]} {[%emt 00:00:08]} 82. Kg6 {[%clk 00:03:06]} {[%emt 00:00:45]}
Ne3 {[%clk 00:00:40]} {[%emt 00:01:06]} 83. Kxh6 {[%clk 00:02:49]} {[%emt
00:00:46]} Nxc2 {[%clk 00:01:04]} {[%emt 00:00:06]} 84. Kg7 {[%clk 00:03:18]}
{[%emt 00:00:01]} Ne1 {[%clk 00:00:32]} {[%emt 00:01:02]} 85. h6 {[%clk
00:03:42]} {[%emt 00:00:06]} Nd3 {[%clk 00:01:00]} {[%emt 00:00:02]} 86. h7
{[%clk 00:03:50]} {[%emt 00:00:22]} Nxb2 {[%clk 00:01:26]} {[%emt 00:00:05]} 87.
h8=Q {[%clk 00:04:14]} {[%emt 00:00:06]} Nd3 {[%clk 00:01:54]} {[%emt
00:00:02]} 88. Kf7+ {[%clk 00:03:16]} {[%emt 00:01:28]} Kxe4 {[%clk 00:02:11]}
{[%emt 00:00:14]} 89. Ke6 {[%clk 00:02:40]} {[%emt 00:01:05]} b3 {[%clk
00:02:32]} {[%emt 00:00:10]} 90. Qc3 {[%clk 00:02:08]} {[%emt 00:01:01]} b2
{[%clk 00:02:51]} {[%emt 00:00:12]} 91. Qc2 {[%clk 00:02:28]} {[%emt 00:00:09]}
Ke3 {[%clk 00:02:56]} {[%emt 00:00:25]} 92. Kd7 {[%clk 00:02:18]} {[%emt
00:00:40]} Nc5+ {[%clk 00:00:59]} {[%emt 00:02:28]} 93. Qxc5+ {[%clk 00:02:30]}
{[%emt 00:00:17]} Kd2 {[%clk 00:01:25]} {[%emt 00:00:04]} 94. Qd4+ {[%clk
00:02:52]} {[%emt 00:00:07]} Kc2 {[%clk 00:01:53]} {[%emt 00:00:03]} 95. Qc4+
{[%clk 00:03:18]} {[%emt 00:00:04]} Kd2 {[%clk 00:02:20]} {[%emt 00:00:02]} 96.
Qb3 {[%clk 00:03:42]} {[%emt 00:00:06]} 1-0

[Event "1er tournoi de GMI du C'Chartres Echecs 2020"]
[Site "Chartres, France"]
[Date "2020.10.03"]
[Round "7.5"]
[White "LAMARD, Guillaume"]
[Black "VLACHOS, Anatole"]
[Result "1-0"]
[TimeControl "90'+30\""]
[WhiteTitle "IM"]
[BlackTitle "IM"]
[WhiteElo "2486"]
[BlackElo "2437"]

1. e4 {[%emt 00:28:59]} c5 {[%emt 00:00:01]} 2. Nf3 {[%emt 00:00:10]} Nc6
{[%emt 00:00:03]} 3. Bb5 {[%emt 00:00:21]} Nf6 {[%emt 00:00:02]} 4. Nc3 {[%emt
00:00:29]} Qc7 {[%emt 00:00:07]} 5. O-O {[%emt 00:02:56]} a6 {[%emt 00:00:02]}
6. Bxc6 {[%emt 00:00:19]} dxc6 {[%emt 00:00:02]} 7. d3 {[%emt 00:02:03]} e5
{[%emt 00:00:05]} 8. a4 {[%emt 00:04:53]} Bg4 {[%emt 00:00:05]} 9. h3 {[%emt
00:01:09]} Bh5 {[%emt 00:00:02]} 10. Qe2 {[%emt 00:04:39]} O-O-O {[%emt
00:00:47]} 11. Bg5 {[%emt 00:04:02]} Be7 {[%emt 00:01:31]} 12. Qe3 {[%emt
00:01:05]} Qd6 {[%emt 00:07:04]} 13. a5 {[%emt 00:06:44]} h6 {[%emt 00:00:06]}
14. Bxf6 {[%emt 00:00:19]} Qxf6 {[%emt 00:12:58]} 15. Nd2 {[%emt 00:10:45]} Qg5
{[%emt 00:00:02]} 16. Nc4 {[%emt 00:01:53]} f6 {[%emt 00:03:04]} 17. Na4 {[%emt
00:04:58]} Bf7 {[%emt 00:00:37]} 18. Ra3 {[%emt 00:05:52]} Kb8 {[%emt
00:16:05]} 19. Nab6 {[%emt 00:03:32]} Be6 {[%emt 00:02:50]} 20. Raa1 {[%emt
00:00:21]} Qxe3 {[%emt 00:04:56]} 21. Nxe3 {[%emt 00:04:39]} h5 {[%emt
00:00:28]} 22. Nbc4 {[%emt 00:03:15]} h4 {[%emt 00:02:29]} 23. b3 {[%emt
00:01:29]} Rh5 {[%emt 00:01:04]} 24. f4 {[%emt 00:01:38]} exf4 {[%emt
00:00:08]} 25. Rxf4 {[%emt 00:01:27]} Rd7 {[%emt 00:11:02]} 26. Nf5 {[%emt
00:01:36]} g5 {[%emt 00:04:06]} 27. Rf2 {[%emt 00:01:14]} Bd8 {[%emt 00:00:09]}
28. Nfe3 {[%emt 00:02:07]} Rh6 {[%emt 00:00:02]} 29. Raf1 {[%emt 00:02:52]}
Rdh7 {[%emt 00:03:24]} 30. Rf3 {[%emt 00:04:11]} Rg6 {[%emt 00:02:02]} 31. R1f2
{[%emt 00:04:35]} Kc8 {[%emt 00:05:46]} 32. Kf1 {[%emt 00:01:05]} Kd7 {[%emt
00:02:02]} 33. e5 {[%emt 00:04:55]} Ke8 {[%emt 00:00:40]} 34. Nd6+ {[%emt
00:02:10]} Kf8 {[%emt 00:00:05]} 35. Ne4 {[%emt 00:00:51]} Bxa5 {[%emt
00:02:57]} 36. Nxc5 {[%emt 00:05:19]} Bc8 {[%emt 00:00:01]} 37. Nc4 {[%emt
00:01:09]} Bc7 {[%emt 00:00:02]} 38. Rxf6+ {[%emt 00:01:40]} Rxf6 {[%emt
00:00:14]} 39. Rxf6+ {[%emt 00:00:09]} Rf7 {[%emt 00:00:55]} 40. Rxf7+ {[%emt
00:00:56]} Kxf7 41. Ne4 {[%emt 00:01:40]} Ke6 {[%emt 00:00:31]} 42. Nxg5+
{[%emt 00:03:16]} Kd5 43. Nf3 {[%emt 00:00:16]} b5 {[%emt 00:00:15]} 44. Ne3+
{[%emt 00:00:15]} Kc5 {[%emt 00:00:01]} 45. Ke2 {[%emt 00:01:12]} a5 {[%emt
00:00:10]} 46. c3 {[%emt 00:01:01]} Be6 {[%emt 00:00:04]} 47. d4+ {[%emt
00:00:26]} Kb6 48. c4 {[%emt 00:00:27]} a4 49. bxa4 {[%emt 00:00:52]} bxc4
{[%emt 00:00:35]} 50. Kd2 {[%emt 00:00:43]} Ka6 {[%emt 00:00:07]} 51. Nxh4
{[%emt 00:00:52]} Ba5+ 52. Kc2 {[%emt 00:00:08]} Bb4 {[%emt 00:03:20]} 53. Nhf5
{[%emt 00:00:22]} Ka5 {[%emt 00:02:14]} 54. Nd6 {[%emt 00:00:09]} c3 55. Ne4
{[%emt 00:00:26]} Kxa4 {[%emt 00:01:19]} 56. Nxc3+ {[%emt 00:00:13]} Ka5 57.
Kd3 {[%emt 00:00:21]} Bg8 {[%emt 00:00:09]} 58. g4 {[%emt 00:00:19]} Kb6 {[%emt
00:00:01]} 59. Ne4 {[%emt 00:01:11]} Be1 {[%emt 00:00:07]} 60. Nf5 {[%emt
00:00:24]} Kc7 {[%emt 00:00:12]} 61. h4 {[%emt 00:00:22]} Ba2 {[%emt 00:00:05]}
62. h5 {[%emt 00:00:20]} 1-0

[Event "1er tournoi de GMI du C'Chartres Echecs"]
[Site "Chartres, France"]
[Date "2020.10.03"]
[Round "8.4"]
[White "LAMARD, Guillaume"]
[Black "FEDORCHUK, Sergey"]
[Result "1/2-1/2"]
[WhiteElo "2486"]
[BlackElo "2615"]
[PlyCount "67"]
[EventDate "2020.??.??"]
[TimeControl "90+30"]
[WhiteClock "0:08:03"]
[BlackClock "0:03:43"]

1. d4 {[%emt 0:00:00]} Nf6 {[%emt 0:00:00]} 2. c4 {[%emt 0:00:00]} e6 {[%emt 0:
00:00]} 3. g3 {[%emt 0:00:00]} Bb4+ {[%emt 0:00:00]} 4. Nd2 {[%emt 0:00:00]} c5
{[%emt 0:00:00]} 5. a3 {[%emt 0:00:00]} Bxd2+ {[%emt 0:00:00]} 6. Qxd2 {
[%emt 0:00:00]} cxd4 {[%emt 0:00:00]} 7. Nf3 {[%emt 0:00:00]} b6 {[%emt 0:00:
00]} 8. Bg2 {[%emt 0:00:00]} Bb7 {[%emt 0:00:00]} 9. O-O {[%emt 0:00:00]} Bxf3
{[%emt 0:00:00]} 10. exf3 {[%emt 0:00:00]} Nc6 {[%emt 0:00:00]} 11. b3 {
[%emt 0:00:00]} Rc8 {[%emt 0:00:00]} 12. f4 {[%emt 0:00:00]} d5 {[%emt 0:00:00]
} 13. cxd5 {[%emt 0:00:00]} Nxd5 {[%emt 0:00:00]} 14. Bb2 {[%emt 0:00:00]} O-O
{[%emt 0:00:00]} 15. Rfd1 {[%emt 0:00:00]} Nc3 {[%emt 0:00:00]} 16. Bxc3 {
[%emt 0:00:00]} dxc3 {[%emt 0:00:00]} 17. Qxc3 {[%emt 0:00:00]} Na5 {[%emt 0:
00:00]} 18. Qf3 {[%emt 0:00:00]} Qf6 {[%emt 0:00:00]} 19. b4 {[%emt 0:00:00]}
Rc3 {[%emt 0:00:00]} 20. Qe4 {[%emt 0:00:00]} Nc4 {[%emt 0:00:00]} 21. a4 {
[%emt 0:00:00]} g6 {[%emt 0:00:00]} 22. Bf1 {[%emt 0:00:00]} Rc8 {[%emt 0:00:
00]} 23. Rd4 {[%emt 0:00:00]} a5 {[%emt 0:03:31]} 24. bxa5 {[%emt 0:00:00]}
Nxa5 {[%emt 0:00:08]} 25. Rb1 {[%emt 0:00:00]} Nb3 {[%emt 0:02:15]} 26. Rd6 {
[%emt 0:00:00]} Qe7 {[%emt 0:01:25]} 27. Rbd1 {[%emt 0:00:00]} Rc1 {[%emt 0:00:
49]} 28. Rxc1 {[%emt 0:00:00]} Rxc1 {[%emt 0:00:05]} 29. Qd3 {[%emt 0:00:00]}
Qc7 {[%emt 0:02:43]} 30. Rd7 {[%emt 0:05:43]} Qc3 {[%emt 0:01:16]} 31. Qxc3 {
[%emt 0:02:18]} Rxc3 {[%emt 0:00:03]} 32. Rd6 {[%emt 0:00:11]} Nc5 {[%emt 0:01:
24]} 33. Bb5 {[%emt 0:00:17]} Rb3 {[%emt 0:00:38]} 34. Rc6 {[%emt 0:01:58]}
1/2-1/2